Didáctica de la lengua: unidades metodológicas para su enseñanza integral en el ciclo básico
Saved in:
| Main Authors: | , , , , , |
|---|---|
| Format: | Bog |
| Sprog: | spansk |
| Udgivet: |
Buenos Aires
Kapelusz
1983
|
| Serier: | Biblioteca de Cultura Pedagógica
|
| Fag: | |
| Tags: |
Tilføj Tag
Ingen Tags, Vær først til at tagge denne postø!
|
MARC
| LEADER | 00000nam a2200000 a 4500 | ||
|---|---|---|---|
| 001 | UCZ8745 | ||
| 003 | CL-VaPUC | ||
| 008 | 960125e19830800AG |||||||||||||||||spa|d | ||
| 082 | 0 | 4 | |a 372.6 |b PIE |2 21 |
| 100 | 0 | |a Pierro de De Luca, Marta Ofelia |e author |9 354128 | |
| 700 | 0 | |a Grilli, Ana María |e author |9 354129 | |
| 700 | 0 | |a Illuminati, Adriana |e author |9 354130 | |
| 700 | 0 | |a Jorge de Abadala, María Edith |e author |9 354131 | |
| 700 | 0 | |a Mallet de Giannandrea, Angélica Nélida |e author |9 354132 | |
| 700 | 0 | |a Vallone, Mabel Elena |e author |9 354133 | |
| 245 | 1 | 0 | |a Didáctica de la lengua: unidades metodológicas para su enseñanza integral en el ciclo básico |
| 300 | |a 152 p | ||
| 942 | |c BK | ||
| 945 | |d 19960125 00:00:00 |a cmena | ||
| 260 | |a Buenos Aires |b Kapelusz |c 1983 | ||
| 650 | 0 | |a Español |9 255372 | |
| 650 | 0 | |a Educación lingüística |9 306506 | |
| 650 | 0 | |a Educación básica |9 224933 | |
| 650 | 7 | |a GUIAS PEDAGOGICAS |2 CL-VaPUC |9 354134 | |
| 650 | 0 | |a Lectura |9 307634 | |
| 650 | 0 | |a Escritura |9 264941 | |
| 650 | 0 | |a Enseñanza de la lectura |9 308364 | |
| 650 | 0 | |a Enseñanza de la escritura |9 307377 | |
| 650 | 0 | |a Métodos de enseñanza |9 270413 | |
| 583 | |a last modification |c 19960125 00:00:00 |k Rodrigo Vera | ||
| 490 | 0 | |a Biblioteca de Cultura Pedagógica | |
| 999 | |c 244565 |d 244563 | ||
| 952 | |0 0 |1 0 |4 0 |6 372_600000000000000_PIE_1983 |7 0 |8 P |9 258669 |a BIBEDU |b BIBEDU |c BIBEDU_PB |d 2019-11-19 |i 1623125 |o 372.6 PIE 1983 |p 1623125 |r 2024-01-25 |w 2019-11-19 |y BK |k EDU | ||